<?xml version="1.0" encoding="UTF-8"?>
<record
    xmlns:xsi="http://www.w3.org/2001/XMLSchema-instance"
    xsi:schemaLocation="http://www.loc.gov/MARC21/slim http://www.loc.gov/standards/marcxml/schema/MARC21slim.xsd"
    xmlns="http://www.loc.gov/MARC21/slim">

  <leader>01477nam a22002417a 4500</leader>
  <controlfield tag="005">20210414113941.0</controlfield>
  <controlfield tag="008">120517t        xxu||||| |||| 00| 0 eng d</controlfield>
  <datafield tag="020" ind1=" " ind2=" ">
    <subfield code="a">9780071268806</subfield>
  </datafield>
  <datafield tag="050" ind1=" " ind2=" ">
    <subfield code="a">TK788.4.B76</subfield>
  </datafield>
  <datafield tag="100" ind1=" " ind2=" ">
    <subfield code="a">Brown, Stephen.</subfield>
  </datafield>
  <datafield tag="245" ind1=" " ind2=" ">
    <subfield code="a">Fundamentals of digital logic with VHDL design /</subfield>
    <subfield code="c">Stephen Brown and Zvonko Vranesic.</subfield>
  </datafield>
  <datafield tag="250" ind1=" " ind2=" ">
    <subfield code="a">3rd ed.</subfield>
  </datafield>
  <datafield tag="260" ind1=" " ind2=" ">
    <subfield code="a">Boston:</subfield>
    <subfield code="b">McGraw Hill,</subfield>
    <subfield code="c">2009.</subfield>
  </datafield>
  <datafield tag="300" ind1=" " ind2=" ">
    <subfield code="a">xx, 939 p : </subfield>
    <subfield code="b">ill., graph. ;</subfield>
    <subfield code="c">12 cm.</subfield>
    <subfield code="e">Darst + 1 CD-ROM. </subfield>
  </datafield>
  <datafield tag="500" ind1=" " ind2=" ">
    <subfield code="a">Includes index.</subfield>
  </datafield>
  <datafield tag="505" ind1=" " ind2=" ">
    <subfield code="a">Contents: Design concepts -- Introduction to logic circuits -- Implementation technology -- Optimized implementation of logic functions -- Number representation and arithmetic circuits -- Combinational-circuit building blocks -- Flip-flops, registers, counters, and a simple processor -- Synchronous sequential circuits -- Asynchronous sequential circuits -- Digital system design -- Testing of logic circuits -- Computer aided design tools -- Appendix A: VHDL reference -- Appendix B: Tutorial 1 - Using quartus II CAD Software -- Appendix C: Tutorial 2 - Implementing circuits in altera devices -- Appendix D: Tutorial 3 - Using quartus II tools -- Appendix E: Commercial devices - Answers.</subfield>
  </datafield>
  <datafield tag="650" ind1=" " ind2=" ">
    <subfield code="2">. </subfield>
    <subfield code="a">Logic circuits</subfield>
    <subfield code="x">Design and </subfield>
  </datafield>
  <datafield tag="650" ind1=" " ind2=" ">
    <subfield code="a">Construction </subfield>
    <subfield code="x"> Data processing. </subfield>
  </datafield>
  <datafield tag="650" ind1=" " ind2=" ">
    <subfield code="a">Logic design .</subfield>
    <subfield code="x"> Data processing.</subfield>
  </datafield>
  <datafield tag="650" ind1=" " ind2=" ">
    <subfield code="a">VHDL (Computer hardware description language) </subfield>
  </datafield>
  <datafield tag="700" ind1=" " ind2=" ">
    <subfield code="a">Zvonko, Vranesic.</subfield>
  </datafield>
  <datafield tag="942" ind1=" " ind2=" ">
    <subfield code="2">lcc</subfield>
    <subfield code="c">BK</subfield>
  </datafield>
  <datafield tag="999" ind1=" " ind2=" ">
    <subfield code="c">921</subfield>
    <subfield code="d">8421</subfield>
  </datafield>
  <datafield tag="952" ind1=" " ind2=" ">
    <subfield code="0">0</subfield>
    <subfield code="1">0</subfield>
    <subfield code="2">lcc</subfield>
    <subfield code="4">0</subfield>
    <subfield code="7">0</subfield>
    <subfield code="a">WIUC-1</subfield>
    <subfield code="b">WIUC-1</subfield>
    <subfield code="c">REF</subfield>
    <subfield code="d">2012-05-17</subfield>
    <subfield code="l">0</subfield>
    <subfield code="o">TK788.4.B76</subfield>
    <subfield code="p">1894/12</subfield>
    <subfield code="r">2012-05-17 00:00:00</subfield>
    <subfield code="t">1</subfield>
    <subfield code="w">2012-05-17</subfield>
    <subfield code="y">BK</subfield>
  </datafield>
</record>
